00948nam a2200253 a 4500001000200000003000400002005001700006008004100023020001800064040002200082082002900104100002900133245011900162260007000281300002100351490005300372500007000425650002200495650002600517700003600543700003900579700002500618710005100643 OSt20210518110328.0091204s2019 dr 000 f spa d a9789945503654 aBPMSUbspacBPMSU aRD863.44bB742o 2019222 aBosch, Juan, d1909-200113aEl oro y la paz /cJuan Bosch ; prólogo Carlos Esteban Deive; editor María del Carmen Vicente, Clara Dobarro  aSanto Domingo :bMinisterio de Cultura;bEditora Nacional, c2019 a224 p. ;c20 cm.0 a Biblioteca Dominicana Básica ;anarrativav22 3Incluye datos biográficos del autor en la solapa de la cubierta 4aNovela dominicana 4aLiteratura dominicana1 aDeive, Carlos Estebanepról. 1 aVicente, María del Carmen eed. 1 a Dobarro,Claraeed. 2 aMinisterio de Cultura (República Dominicana)